Effect cost management (Record no. 82931)

MARC details
000 -LEADER
fixed length control field 00948cab a22001935a 4500
001 - CONTROL NUMBER
control field L152289
008 - FIXED-LENGTH DATA ELEMENTS--GENERAL INFORMATION
fixed length control field 110218e2011 xxk 000 0 eng d
035 ## - SYSTEM CONTROL NUMBER
System control number (Sirsi) u152289
041 0# - LANGUAGE CODE
Language code of text/sound track or separate title eng
100 1# - MAIN ENTRY--PERSONAL NAME
Personal name Tichacek, Robert L.
245 00 - TITLE STATEMENT
Title Effect cost management
Remainder of title back to basics
260 ## - PUBLICATION, DISTRIBUTION, ETC.
Date of publication, distribution, etc. 2011
490 ## - SERIES STATEMENT
Series statement Project Control Professional
Volume/sequential designation 49(1) February 2011, 8-14(7)
520 ## - SUMMARY, ETC.
Summary, etc. Discusses cost management and its primary significance as a measure of project success; an overview of cost management, cost is the most common measure of success, the most finite resource, the most competed for resource; cost management vs cost accounting; cost management objectives; effective cost management; total management - thinking beyond the project, and total cost - thinking beyond the project; three-point cost management approach.
590 ## - LOCAL NOTE (RLIN)
Local note KA
651 #4 - SUBJECT ADDED ENTRY--GEOGRAPHIC NAME
Geographic name United Kingdom
Chronological subdivision
690 ## - LOCAL SUBJECT ADDED ENTRY--TOPICAL TERM (OCLC, RLIN)
Topical term or geographic name as entry element BUILT ENVIRONMENT-BUILDING COSTS
942 ## - ADDED ENTRY ELEMENTS (KOHA)
Suppress in OPAC 0
Holdings
Withdrawn status Lost status Source of classification or shelving scheme Damaged status Not for loan Home library Current library Shelving location Date acquired Total Checkouts Full call number Barcode Date last seen Copy number Price effective from Koha item type
    Dewey Decimal Classification     London London Journal article 18/02/2011   L152289 152289-1001 06/08/2019 1 06/08/2019 Journal article